Manual de l'impost sobre successions i donacions / José Arias Velasco, Lorenzo Rodríguez Rojo
Publicado:
Barcelona :
Generalitat de Catalunya. Entitat Autònoma del Diari Oficial i de Publicacions ,
1992
Descripción Física:
299 p. ; 23 cm
Otros Autores:
Rodríguez Rojo, Lorenzo
MARC
| LEADER | 00000nam a2200000Ia 4500 | ||
|---|---|---|---|
| 001 | 9804 | ||
| 008 | 160829s1992 xx 000 0 cat d | ||
| 080 | |a M-2-53 | ||
| 100 | |a Arias Velasco, José |9 37745 | ||
| 245 | |a Manual de l'impost sobre successions i donacions / José Arias Velasco, Lorenzo Rodríguez Rojo | ||
| 250 | |a 2a ed. | ||
| 260 | |a Barcelona : |b Generalitat de Catalunya. Entitat Autònoma del Diari Oficial i de Publicacions, |c 1992 | ||
| 300 | |a 299 p. ; |c 23 cm | ||
| 590 | |a Text de les lleis en castellà. Inclou Llei 29/1987..., del impuesto sobre sucesiones y donaciones ; Real Decreto ..., por el que se aprueba el Reglamento del Impuesto sobre Sucesiones y Donaciones. | ||
| 650 | |a Impostos sobre transmissió de béns |x Dret i legislació |x Espanya |9 24738 | ||
| 650 | |a Donacions |x Impostos |x Espanya |9 37746 | ||
| 700 | |a Rodríguez Rojo, Lorenzo |9 37747 | ||
| 901 | |a Arxiu | ||
| 942 | |n 1 | ||
| 952 | |0 0 |1 0 |4 0 |6 M253 |7 1 |9 48042 |a Arxiu |b Arxiu |d 2016-12-01 |l 0 |o M-2-53 |p 9804 |r 2016-12-01 00:00:00 |w 2016-12-01 |y ARXIU | ||
| 999 | |c 51845 |d 51845 | ||